| 000 | 00332nam a2200133Ia 4500 | ||
|---|---|---|---|
| 005 | 20260328101519.0 | ||
| 008 | 260328s9999||||xx |||||||||||||| ||und|| | ||
| 100 | _aHonda, Isao | ||
| 245 | 0 |
_aOrigami : _b El Arte del doblez / _cIsao Honda |
|
| 260 | _bDavid Consuegra | ||
| 300 | _a30 p. | ||
| 650 | _aDISEÑO INDUSTRIAL | ||
| 942 | _cBK | ||
| 999 |
_c9500 _d9500 |
||